00599cam a22002057a 4500003000500000005001700005008004100022010000800063011000900071035000800080040000900088082001900097111008700116245006300203260004200266300002000308650002200328650002200350700002100372CHAP20220329132949.0971013s1987 r 10010 d a720 a1692 a868 cCHAP a634.909866bS400aSeminario-Taller de Agroforestería para la Sierra (n2d: 1987c: Loja, Ecuador)13aLa agroforestería en la sierra ecuatorianab: memoria... aWashington :bCuerpo de Paz,c[1987?] a145 p.b: ilus.14aAgroforestería.14aBosquesxEcuador.0 aRonceros, Elena.